000 01075nam a22003257a 4500
003 CHAP
005 20220329135610.0
008 971013s1993 r 00010 d
010 _a39114
011 _a40086
035 _a44211
040 _cCHAP
090 _aTesis
100 0 0 _aMartínez Pérez, Félix Donaciana.
_972389
245 _aPropagación sexual de tepescohuite (Mimosa tenuiflora (Willd.). Poir.)
260 _aChapingo, Méx. :
_bEl autor,
_c1993
300 _a42 h.
502 _aTesis (Ing. Agr. Esp. en Fitotecnia) -- UACH. Departamento de Fitotecnia
590 _aALEPH
_b10
_c20130110
_lUCH01
_h1306
590 _aBATCH-UPD
_b10
_c20130110
_lUCH01
_h2057
590 _aBATCH-UPD
_b10
_c20130410
_lUCH01
_h1410
590 _aBATCH-UPD
_b10
_c20130914
_lUCH01
_h1541
590 _aCONVERSION
_b10
_c20130109
_lUCH01
_h1322
650 1 4 _aGerminación.
_947755
650 1 4 _aMimosa tenuiflora.
_975899
901 _aBK
942 _cFOLL
949 _bBC
_cTES
_d-101271
_eTS1
_h27789
_i44211
_si
949 _bBC
_cTES
_d33724000004677
_eTS2
_fc.2
_h27790
_i44211
_si
999 _c39114
_d39114